Ländernamen, die ein V beinhalten - Statistiken

Allgemein
  • Dieses Quiz wurde 101 mal gespielt
  • Das Durchschnittsergebnis liegt bei 8 aus 15
Antwortstatistiken
Länder % Korrekt
Venezuela
90%
Vatikanstadt
83%
Vanuatu
82%
Vereinigte Staaten
78%
Vietnam
78%
Vereinigte Arabische Emirate
75%
Vereinigtes Königreich
73%
Tuvalu
57%
Bolivien
52%
St. Vincent und die Grenadinen
36%
Malediven
30%
St. Kitts und Nevis
28%
Kap Verde
25%
Kosovo
25%
El Salvador
17%
Keine übereinstimmenden Quizze gefunden
Verteilung der Resultate
Anzahl Personen mit jedem Resultat
Perzentil nach korrekt beantworteten Fragen
Ihre Resultats-Entwicklung
Sie haben dieses Quiz noch nicht gespielt